Culture Générale - Série 1732 - Statistiques

Statistiques générales
  • Ce quiz a été pris 151 fois
  • Le résultat moyen est 4 sur 10
Statistiques - réponses
Question Réponse % Correct
De quelle couleur est le ruban représentant la lutte contre le cancer du sein ? rose
94%
Dans quelle ville Clovis a-t-il été baptisé ? Reims
87%
De quel instrument Frédéric II de Prusse jouait-il avec talent ? flûte
38%
Dans quel pays se trouve le dernier port d'escale du R.M.S. Titanic ? Irlande
35%
Quel a été le troisième pays à lancer une sonde sur Mars en 1998, avec le décollage de Planet B ? Japon
35%
En quelle année le permis de conduire a-t-il été unifié entre tous les pays d'Europe ? 2013
23%
Quel chevalier franc a refusé de devenir le premier souverain du royaume de Jérusalem au terme de la première croisade ? Godefroy de Bouillon
17%
Devant quel monument, , Martin Luther King, Jr. prononça-t-il son fameux discours commençant par « J'ai fait un rêve » ? Lincoln Memorial
14%
Où Louis XIII avait-il installé l'imprimerie royale ? Louvre
14%
Quel aliment fut au départ considéré comme étant à l'origine de l'épidémie d'intoxication alimentaire à l'E. coli en Europe en 2011 ? concombre
8%
Aucun quiz correspondant
Distribution des résultats
% des personnes avec chaque résultat
Percentile par nombre de réponses
Votre historique - résultats
Vous n’avez pas pris ce quiz